<?xml version="1.0" encoding="UTF-8"?>
<record
    xmlns:xsi="http://www.w3.org/2001/XMLSchema-instance"
    xsi:schemaLocation="http://www.loc.gov/MARC21/slim http://www.loc.gov/standards/marcxml/schema/MARC21slim.xsd"
    xmlns="http://www.loc.gov/MARC21/slim">

  <leader>     nam a22     7a 4500</leader>
  <datafield tag="999" ind1=" " ind2=" ">
    <subfield code="c">56042</subfield>
    <subfield code="d">56042</subfield>
  </datafield>
  <controlfield tag="003">OSt</controlfield>
  <controlfield tag="005">20221118101327.0</controlfield>
  <controlfield tag="008">221118b        xxu||||| |||| 00| 0 eng d</controlfield>
  <datafield tag="040" ind1=" " ind2=" ">
    <subfield code="c">IIMT COLLEGE OF ENGINEERING,GREATER NOIDA</subfield>
  </datafield>
  <datafield tag="100" ind1=" " ind2=" ">
    <subfield code="a">KOONTZ,HAROLD &amp; ET.AL</subfield>
  </datafield>
  <datafield tag="245" ind1=" " ind2=" ">
    <subfield code="a">ESSENTIALS OF MANAGEMENT</subfield>
  </datafield>
  <datafield tag="260" ind1=" " ind2=" ">
    <subfield code="a">NEW DELHI</subfield>
    <subfield code="b">MGH</subfield>
    <subfield code="c">2022</subfield>
  </datafield>
  <datafield tag="300" ind1=" " ind2=" ">
    <subfield code="a">590</subfield>
  </datafield>
  <datafield tag="942" ind1=" " ind2=" ">
    <subfield code="2">ddc</subfield>
    <subfield code="c">02</subfield>
  </datafield>
  <datafield tag="952" ind1=" " ind2=" ">
    <subfield code="0">0</subfield>
    <subfield code="1">0</subfield>
    <subfield code="2">ddc</subfield>
    <subfield code="4">0</subfield>
    <subfield code="7">0</subfield>
    <subfield code="a">21</subfield>
    <subfield code="b">21</subfield>
    <subfield code="d">2022-11-18</subfield>
    <subfield code="e">KIRTI  PUBLISHERS,NEW DELHI</subfield>
    <subfield code="g">845.00</subfield>
    <subfield code="i">IN1033/15/11/2022</subfield>
    <subfield code="l">0</subfield>
    <subfield code="p">21-B-5766</subfield>
    <subfield code="r">2022-11-18</subfield>
    <subfield code="w">2022-11-18</subfield>
    <subfield code="y">02</subfield>
  </datafield>
  <datafield tag="952" ind1=" " ind2=" ">
    <subfield code="0">0</subfield>
    <subfield code="1">0</subfield>
    <subfield code="2">ddc</subfield>
    <subfield code="4">0</subfield>
    <subfield code="7">0</subfield>
    <subfield code="a">21</subfield>
    <subfield code="b">21</subfield>
    <subfield code="d">2022-11-18</subfield>
    <subfield code="e">KIRTI  PUBLISHERS,NEW DELHI</subfield>
    <subfield code="g">845.00</subfield>
    <subfield code="i">IN1033/15/11/2022</subfield>
    <subfield code="l">0</subfield>
    <subfield code="p">21-B-5767</subfield>
    <subfield code="r">2022-11-18</subfield>
    <subfield code="w">2022-11-18</subfield>
    <subfield code="y">02</subfield>
  </datafield>
  <datafield tag="952" ind1=" " ind2=" ">
    <subfield code="0">0</subfield>
    <subfield code="1">0</subfield>
    <subfield code="2">ddc</subfield>
    <subfield code="4">0</subfield>
    <subfield code="7">0</subfield>
    <subfield code="a">21</subfield>
    <subfield code="b">21</subfield>
    <subfield code="d">2022-11-18</subfield>
    <subfield code="e">KIRTI  PUBLISHERS,NEW DELHI</subfield>
    <subfield code="g">845.00</subfield>
    <subfield code="i">IN1033/15/11/2022</subfield>
    <subfield code="l">0</subfield>
    <subfield code="p">21-B-5768</subfield>
    <subfield code="r">2022-11-18</subfield>
    <subfield code="w">2022-11-18</subfield>
    <subfield code="y">02</subfield>
  </datafield>
  <datafield tag="952" ind1=" " ind2=" ">
    <subfield code="0">0</subfield>
    <subfield code="1">0</subfield>
    <subfield code="2">ddc</subfield>
    <subfield code="4">0</subfield>
    <subfield code="7">0</subfield>
    <subfield code="a">21</subfield>
    <subfield code="b">21</subfield>
    <subfield code="d">2022-11-18</subfield>
    <subfield code="e">KIRTI  PUBLISHERS,NEW DELHI</subfield>
    <subfield code="g">845.00</subfield>
    <subfield code="i">IN1033/15/11/2022</subfield>
    <subfield code="l">0</subfield>
    <subfield code="p">21-B-5769</subfield>
    <subfield code="r">2022-11-18</subfield>
    <subfield code="w">2022-11-18</subfield>
    <subfield code="y">02</subfield>
  </datafield>
  <datafield tag="952" ind1=" " ind2=" ">
    <subfield code="0">0</subfield>
    <subfield code="1">0</subfield>
    <subfield code="2">ddc</subfield>
    <subfield code="4">0</subfield>
    <subfield code="7">0</subfield>
    <subfield code="a">21</subfield>
    <subfield code="b">21</subfield>
    <subfield code="d">2022-11-18</subfield>
    <subfield code="e">KIRTI  PUBLISHERS,NEW DELHI</subfield>
    <subfield code="g">845.00</subfield>
    <subfield code="i">IN1033/15/11/2022</subfield>
    <subfield code="l">1</subfield>
    <subfield code="p">21-B-5770</subfield>
    <subfield code="r">2026-01-08</subfield>
    <subfield code="s">2025-09-05</subfield>
    <subfield code="w">2022-11-18</subfield>
    <subfield code="y">02</subfield>
  </datafield>
  <datafield tag="952" ind1=" " ind2=" ">
    <subfield code="0">0</subfield>
    <subfield code="1">0</subfield>
    <subfield code="2">ddc</subfield>
    <subfield code="4">0</subfield>
    <subfield code="7">0</subfield>
    <subfield code="a">21</subfield>
    <subfield code="b">21</subfield>
    <subfield code="d">2022-11-18</subfield>
    <subfield code="e">KIRTI  PUBLISHERS,NEW DELHI</subfield>
    <subfield code="g">845.00</subfield>
    <subfield code="i">IN1033/15/11/2022</subfield>
    <subfield code="l">1</subfield>
    <subfield code="p">21-B-5771</subfield>
    <subfield code="r">2026-01-24</subfield>
    <subfield code="s">2025-09-05</subfield>
    <subfield code="w">2022-11-18</subfield>
    <subfield code="y">02</subfield>
  </datafield>
  <datafield tag="952" ind1=" " ind2=" ">
    <subfield code="0">0</subfield>
    <subfield code="1">0</subfield>
    <subfield code="2">ddc</subfield>
    <subfield code="4">0</subfield>
    <subfield code="7">0</subfield>
    <subfield code="a">21</subfield>
    <subfield code="b">21</subfield>
    <subfield code="d">2022-11-18</subfield>
    <subfield code="e">KIRTI  PUBLISHERS,NEW DELHI</subfield>
    <subfield code="g">845.00</subfield>
    <subfield code="i">IN1033/15/11/2022</subfield>
    <subfield code="l">0</subfield>
    <subfield code="p">21-B-5772</subfield>
    <subfield code="r">2022-11-18</subfield>
    <subfield code="w">2022-11-18</subfield>
    <subfield code="y">02</subfield>
  </datafield>
  <datafield tag="952" ind1=" " ind2=" ">
    <subfield code="0">0</subfield>
    <subfield code="1">0</subfield>
    <subfield code="2">ddc</subfield>
    <subfield code="4">0</subfield>
    <subfield code="7">0</subfield>
    <subfield code="a">21</subfield>
    <subfield code="b">21</subfield>
    <subfield code="d">2022-11-18</subfield>
    <subfield code="e">KIRTI  PUBLISHERS,NEW DELHI</subfield>
    <subfield code="g">845.00</subfield>
    <subfield code="i">IN1033/15/11/2022</subfield>
    <subfield code="l">0</subfield>
    <subfield code="p">21-B-5773</subfield>
    <subfield code="r">2022-11-18</subfield>
    <subfield code="w">2022-11-18</subfield>
    <subfield code="y">02</subfield>
  </datafield>
  <datafield tag="952" ind1=" " ind2=" ">
    <subfield code="0">0</subfield>
    <subfield code="1">0</subfield>
    <subfield code="2">ddc</subfield>
    <subfield code="4">0</subfield>
    <subfield code="7">0</subfield>
    <subfield code="a">21</subfield>
    <subfield code="b">21</subfield>
    <subfield code="d">2022-11-18</subfield>
    <subfield code="e">KIRTI  PUBLISHERS,NEW DELHI</subfield>
    <subfield code="g">845.00</subfield>
    <subfield code="i">IN1033/15/11/2022</subfield>
    <subfield code="l">0</subfield>
    <subfield code="p">21-B-5774</subfield>
    <subfield code="r">2022-11-18</subfield>
    <subfield code="w">2022-11-18</subfield>
    <subfield code="y">02</subfield>
  </datafield>
  <datafield tag="952" ind1=" " ind2=" ">
    <subfield code="0">0</subfield>
    <subfield code="1">0</subfield>
    <subfield code="2">ddc</subfield>
    <subfield code="4">0</subfield>
    <subfield code="7">0</subfield>
    <subfield code="a">21</subfield>
    <subfield code="b">21</subfield>
    <subfield code="d">2022-11-18</subfield>
    <subfield code="e">KIRTI  PUBLISHERS,NEW DELHI</subfield>
    <subfield code="g">845.00</subfield>
    <subfield code="i">IN1033/15/11/2022</subfield>
    <subfield code="l">0</subfield>
    <subfield code="p">21-B-5775</subfield>
    <subfield code="r">2022-11-18</subfield>
    <subfield code="w">2022-11-18</subfield>
    <subfield code="y">02</subfield>
  </datafield>
</record>
